Bank profitability. Methodological country notes
| Autor Corporativo: | |
|---|---|
| Formato: | Electrónico Seriadas |
| Lenguaje: | inglés |
| Publicado: |
Paris :
Organisation for Economic Co-operation and Development,
c2000-
|
| Colección: | Finance and investment.
Statistics (Organisation for Economic Co-operation and Development) |
| Materias: | |
| Acceso en línea: | Full text available from Research Library: 01/01/2004 to 12/31/2004 Full text available from Research Library: 01/01/2007 to 01/31/2007 |
MARC
| LEADER | 00000nas a2200000 a 4500 | ||
|---|---|---|---|
| 001 | ssj0000398501 | ||
| 003 | WaSeSS | ||
| 005 | 20200512172242.0 | ||
| 006 | m d | ||
| 007 | cr n | ||
| 008 | 001004c20009999fr gr ss i0 0eng c | ||
| 010 | |a 00242218 | ||
| 022 | |l 1995-3860 |y 1995-3860 | ||
| 035 | |a (WaSeSS)ssj0000398501 | ||
| 040 | |a MYG |b eng |c MYG |d SYS |d IUL |d MYG |d ZYU |d MYG |d OCL |d DLC |d HNK |d MYG |d OCLCQ |d OCLCF |d OCLCO |d OCLCA |d RDF |d AU@ |d ZAS |d WaSeSS | ||
| 042 | |a pcc | ||
| 050 | 0 | 0 | |a HG1505 |b .B315 |
| 245 | 0 | 0 | |a Bank profitability. |p Methodological country notes |h [electronic resource]. |
| 246 | 3 | 0 | |a Methodological country notes |
| 260 | |a Paris : |b Organisation for Economic Co-operation and Development, |c c2000- | ||
| 310 | |a Biennial | ||
| 362 | 0 | |a 2000- | |
| 490 | 1 | |a 2000: Finance and investment | |
| 490 | 1 | |a <2002->: Statistics = |a Statistiques | |
| 506 | |a License restrictions may limit access. | ||
| 525 | |a Updated notes for some countries available at the OECD Website. | ||
| 580 | |a Companion publication to: Bank profitability. Financial statements of banks (Paris, France : 1994). | ||
| 580 | |a Issued also in French as: Rentabilité des banques. Notes méthologiques des pays. | ||
| 588 | |a Latest issue consulted: 2004. | ||
| 650 | 0 | |a Banks and banking |z OECD countries |v Statistics |v Periodicals. | |
| 650 | 7 | |a Banks and banking. |2 fast |0 (OCoLC)fst00826867 | |
| 651 | 7 | |a OECD countries. |2 fast |0 (OCoLC)fst01277092 | |
| 655 | 0 | |a Electronic journals. | |
| 710 | 2 | |a Organisation for Economic Co-operation and Development. | |
| 775 | 1 | |t Rentabilité des banques. Notes méthologiques des pays | |
| 787 | 1 | |t Bank profitability. Financial statements of banks (Paris, France : 1994) |w (DLC)sn 94031113 |w (OCoLC)30589879 | |
| 830 | 0 | |a Finance and investment. | |
| 830 | 0 | |a Statistics (Organisation for Economic Co-operation and Development) | |
| 850 | |a DLC | ||
| 856 | 4 | 0 | |z Full text available from Research Library: 01/01/2004 to 12/31/2004 |u https://search.proquest.com/publication/2026432 |
| 856 | 4 | 0 | |z Full text available from Research Library: 01/01/2007 to 01/31/2007 |u https://search.proquest.com/publication/2026432 |